000 00471nam a2200193Ia 4500
005 20240823015949.0
008 240823s9999||||xx |||||||||||||| ||und||
020 _a81-8052-085-4
041 _aENGLISH
082 _A025.04 P5
100 _a"Arms,William Y"
245 0 _aDigital Libraries
250 _a1st
260 _c2005
_b"Ane Books,New "
_aNew Delhi
500 _aYES
650 _aLibrary & Information Science
_bGeneral
942 _cBK
999 _c173652
_d173652